000 00848nam a2200253 a 4500
001 000013734
005 20200929163328.0
008 091130s1996 dr 001 0 spa d
020 _z0460559998X
040 _aDO-SdBNP
_bspa
_cBNPHU
082 _a618.3
_bR621p
100 1 _aRivera y Almodovar, Eusebio
_931178
245 1 0 _aProntuario de emergencias obstétricas /
_cEusebio Rivera y Almodovar.
260 _aSanto Domingo :
_bSODOMED,
_c1996.
300 _a94 p. ;
_c21 cm.
500 _aIncluye índice alfabetico de materia
504 _aBibliografía : p. 87-90
590 _aInventariado,2018/DG
650 4 _aUrgencias en obstetricia
_918300
650 4 _aComplicaciones del embarazo
_910849
650 4 _aPuerperio
_91408
710 2 _aSociedad Dominicana de Medicina Perinatal
_931179
910 _aValidado. Control de calidad MFF
999 _c13347
_d13347